000 00625npc a2200205Ia 4500
001 dg33-1725 [d000001782]
003 IT-MiCISF
008 161014s9999||||xx | und||
040 _aIT-MiCISF
_cIT-MiCISF
041 _ait
100 _aBarachetti Paola
245 0 _aPrima rassegna dei centri italiani sull'abuso all'infanzia
250 _a1a ed.
260 _a Milano
_bCentro per il bambino maltrattato e la cura della crisi familiare
_c1992
300 _app. 24
500 _a / abuso-di-minore, indirizzi, associazioni /
650 _aservizi-alla-persona
942 _cDD
957 _71
999 _a1725
_bsi
_g1
_c207635
_d207635